000 00350nam a2200133Ia 4500
008 100328s9999 xx 000 0 und d
082 _b45015
100 _aमंत्री रमेश
245 _aमहानगर
260 _bमॅजेस्टिक
630 _aमहानगर
730 _aमहानगर
942 _cBOOK
999 _c533217
_d533214